000 00598nab a2200157Ia 4500
003 ES-SlBCS
005 20210601134628.0
008 140529s1996 xxu||||| |||| 00| 0 spa d
041 _aspa
100 1 _aGenovés Cardona, Ignacio
_9220661
245 0 0 _aGénesis geológica e hidrológica de la surgencia de aguas termales en los Baños de Fortuna
_c Ignacio Genovés Cardona, Melchor Senent Alonso
650 0 4 _aBalneario Romano-Baños de Fortuna
_9220662
700 1 _aSenent Alonso, Melchor
_9220663
773 0 _tAntigüedad y Cristianismo
_gnº. 13, 1996, págs. 225-250
_wRev1032
942 _cAR
999 _c615527
_d615527